al-Mīkrūbāt wa-al-ḥayāh (Record no. 46959)

MARC details
000 -LEADER
fixed length control field 00745cam a22002291 4500
001 - CONTROL NUMBER
control field ne 64001077
003 - CONTROL NUMBER IDENTIFIER
control field DLC
005 - DATE AND TIME OF LATEST TRANSACTION
control field 20260227111759.0
008 - FIXED-LENGTH DATA ELEMENTS--GENERAL INFORMATION
fixed length control field 900913s1962 ua a 000 0 arar
010 ## - LIBRARY OF CONGRESS CONTROL NUMBER
LC control number ne 64001077
025 ## - OVERSEAS ACQUISITION NUMBER
Overseas acquisition number PL480:UAR-1615
035 ## - SYSTEM CONTROL NUMBER
System control number (OCoLC)22367814
040 ## - CATALOGING SOURCE
Original cataloging agency DLC
Transcribing agency WaU
Modifying agency WaU
-- DLC
042 ## - AUTHENTICATION CODE
Authentication code premarc
050 00 - LIBRARY OF CONGRESS CALL NUMBER
Classification number QR56
Item number .S25
100 1# - MAIN ENTRY--PERSONAL NAME
Personal name Ṣāliḥ, ʻAbd al-Muḥsin.
245 13 - TITLE STATEMENT
Title al-Mīkrūbāt wa-al-ḥayāh
Statement of responsibility, etc. [taʼlīf] ʻAbd al-Muḥsin Ṣāliḥ.
260 ## - PUBLICATION, DISTRIBUTION, ETC.
Place of publication, distribution, etc. [al-Qāhirah]
Name of publisher, distributor, etc. al-Muʼassasah al-Miṣrīyah al-ʻĀmmah lil-Taʼlīf wa-al-Tarjamah wa-al-Ṭibāʻah wa-al-Nashr,
Date of publication, distribution, etc. 1962.
300 ## - PHYSICAL DESCRIPTION
Extent 127 p.
Other physical details illus.
Dimensions 17 cm.
440 #0 - SERIES STATEMENT/ADDED ENTRY--TITLE
Title Maktabah al-thaqāfīyah,
Volume/sequential designation 62
650 #0 - SUBJECT ADDED ENTRY--TOPICAL TERM
Topical term or geographic name entry element Microbiology.

No items available.

Powered by Koha